000 03432cam a22004214i 4500
999 _c9142
_d9142
001 45052664
003 OCoLC
005 20241126110706.0
008 000915s2001 miu b 001 0 eng
010 _a00047717
020 _a0310206146
_q(alk. paper)
020 _a9780310206149
_q(alk. paper)
035 _atcgc281492
035 _a(OCoLC)45052664
_z(OCoLC)796971918
040 _aDLC
_beng
_erda
_cDLC
_dBAKER
_dNLGGC
_dBTCTA
_dYDXCP
_dUBA
_dOCLCG
_dIG#
_dHNW
_dOCLCQ
_dOCLCA
_dOCLCF
_dPB4
_dOCLCQ
_dDML
_dMNLUT
042 _apcc
050 0 0 _aBS1565.53
_b.S55 2001
082 0 0 _a220.77
_a224.077
_221
_bNIV
100 1 _aSmith, Gary V.,
_d1943-
_0http://id.loc.gov/authorities/names/n85302518
_9783
245 1 0 _aHosea, Amos, Micah :
_bthe NIV application commentary from biblical text--to contemporary life /
_cGary V. Smith.
264 1 _aGrand Rapids, Mich. :
_bZondervan Pub. House,
_c[2001]
264 4 _c℗♭2001.
300 _a596 pages ;
_c24 cm.
336 _atext
_btxt
_2rdacontent
337 _aunmediated
_bn
_2rdamedia
338 _avolume
_bnc
_2rdacarrier
490 1 _aThe NIV application commentary series.
504 _aIncludes bibliographical references and indexes.
505 0 _aSeries introduction -- General editor's preface -- Author's preface -- Abbreviations -- Introduction to Hosea -- Outline of Hosea -- Annotated bibliography on Hosea -- Text of and commentary on Hosea -- Introduction to Amos -- Outline of Amos -- Annotated bibliography on Amos -- Text of and commentary on Amos -- Introduction to Micah -- Outline of Micah -- Annotated bibliography on Micah -- Text of and commentary on Micah -- Scripture index -- Subject index.
520 _aScratch beneath the surface of today's culture and you'll find we're not so different from ancient Israel. True, our sophistication, mobility, and technology eclipse anything the Israelites could have imagined. Our worship is far different, to say nothing of our language and customs. Yet if the prophets Hosea, Amos, and Micah were to visit us today, we might be shocked to see how little their messages would differ from the ones they delivered 2,800 years ago. For human hearts are still the same--and so is God. Injustice, oppression, and political corruption anger him as much as ever. Apostasy still grieves him. His judgment of sin remains as fierce as his love is strong. And the hope God extends to those who turn toward him is as brilliant now as at any time in history. Revealing the links between Israel eight centuries B.C. and our own times, Gary V. Smith shows how the prophetic writings of Hosea, Amos, and Micah speak to us today with relevance and conviction. --From publisher's description.
630 0 0 _aBible.
_pHosea
_0http://id.loc.gov/authorities/names/n79118914
_vCommentaries.
_0http://id.loc.gov/authorities/subjects/sh99001404
_915625
630 0 0 _aBible.
_pAmos
_0http://id.loc.gov/authorities/names/n79082390
_vCommentaries.
_0http://id.loc.gov/authorities/subjects/sh99001404
_94653
630 0 0 _aBible.
_pMicah
_0http://id.loc.gov/authorities/names/n80159022
_vCommentaries.
_0http://id.loc.gov/authorities/subjects/sh99001404
_915951
655 7 _aCommentaries.
_2fast
_0http://id.worldcat.org/fast/1423723
_9875
830 0 _aNIV application commentary.
_0http://id.loc.gov/authorities/names/n94048887
_91769
856 4 _3Cover image
_uhttps://covers.openlibrary.org/b/id/169360-M.jpg
942 _2ddc
_cREF